LEADER 01550nam a2200289 i 4500 001 000000166863 003 CaOOAMICUS 005 20250507111601.0 008 071120s1937 it u000 u ita u 040 $aSeMil$bita 100 1 $aSoranzo, Giovanni,$d<1881-1963>.$0(OLS)http://semarc/name/10613 245 10$aPeregrinus apostolicus :$blo spirito pubblico e il viaggio di Pio 6. a Vienna /$cGiovanni Soranzo. 264 1$aMilano :$bVita e Pensiero,$c1937. 300 $aXII, 658 p. ;$c25 cm. 490 1 $aPubblicazioni della Universitą Cattolica del Sacro Cuore. Ser. 5., Scienze storiche ;$v15 500 $aIn testa al front. : Erroneamente vol. 14. 650 4$aPio VI - Attivitą diplomatica.$0(OLS)http://semarc/subject/5007 650 4$aDiplomazia pontificia - Storia - Sec. 18.$0(OLS)http://semarc/subject/10826 650 4$aChiesa e Stato - Austria - Sec. 18.$0(OLS)http://semarc/subject/31795 650 4$aGiurisdizione ecclesiastica - Controversie - Sec. 18.$0(OLS)http://semarc/subject/31796 830 0$aPubblicazioni della Universitą Cattolica del Sacro Cuore. Ser. 5., Scienze storiche ;$v15.$0(OLS)http://semarc/title/14233 850 $aSeMil 852 $aSeMil$W1$xVenegono$y1$m3T IV 216$j256599$B118023$CSeMilBibl$Z2$F129404 $81 961 $aRecupero: Altro 996 $6245$aPeregrinus apostolicus :$blo spirito pubblico e il viaggio di Pio 6. a Vienna$9(OLS)http://semarc/title/238552 996 $6264$aMilano :$bVita e Pensiero$9(OLS)http://semarc/publisher/29642 LEADER 00881nab a2200157 i 4500 001 000000279000 003 CaOOAMICUS 005 20130419000000.0 008 130419n xx uu u0 0und r 013 $a30375 040 $aSeMil$bita 245 10$aConvegno "MissioneOggi" «Siamo gli ultimi cristiani? :$bSulla soglia di un nuovo mondo», Brescia, [chiesa di] San Cristo, sabato 18 maggio 2013 [programma]. 500 $a[pieghevole allegato]. 700 1 $aConvegno "MissioneOggi" «Siamo gli ultimi cristiani? Sulla soglia di un nuovo mondo» <2013 ; Brescia>.$0(OLS)http://semarc/name/84254 773 0 $t[2013 : Gennaio-Giugno].$dBologna : Centro Editoriale Dehoniano, 2013.$w()218071 996 $6245$aConvegno "MissioneOggi" «Siamo gli ultimi cristiani? :$bSulla soglia di un nuovo mondo», Brescia, [chiesa di] San Cristo, sabato 18 maggio 2013 [programma].$9(OLS)http://semarc/title/362928